000
00319nam a2200145 a 4500
005
20260702181356.0
020
_a
9789631456789
100
1
_a
Kos, Karoly
245
1
0
_a
Varju-nemzetség
260
_a
Cluj-Napoca
_b
Erdelyi Szepmiives Ceh
_c
2016
300
_a
196 p.
041
0
_a
hun
650
0
_a
Roman maghiar
942
_c
BK
999
_c
31
_d
31